[Event "88th Hastings Masters"]
[Site "Hastings ENG"]
[Date "2012.12.31"]
[Round "4.42"]
[White "Cekulis, Maris"]
[Black "Mitchell, Robert1"]
[Result "1/2-1/2"]
[WhiteElo "1811"]
[BlackElo "1690"]
[WhiteFideId "3217671"]
[BlackFideId "4302095"]
[EventDate "2012.12.28"]

1. d4 d6 2. c4 e5 3. d5 f5 4. g3 Nf6 5. Nc3 g6 6. Nf3 a5 7. Bg2 Na6 8. O-O Nc5
9. b3 Bg7 10. Bb2 O-O 11. a3 Bd7 12. b4 axb4 13. axb4 Rxa1 14. Bxa1 Na6 15. Na2
Qc8 16. e3 Nh5 17. Bc3 f4 18. e4 h6 19. Nc1 g5 20. Nxg5 Nxg3 21. fxg3 hxg5 22.
gxf4 gxf4 23. Nd3 Qe8 24. Kh1 Rf6 25. Bf3 Rh6 26. Rg1 Kf8 27. Nxf4 Bf6 28. Nh5
Ke7 29. Bd2 Rg6 30. Nxf6 Kxf6 31. Rxg6+ Qxg6 32. Qf1 Kg7 33. Qg2 Be8 34. Qxg6+
Bxg6 35. h4 b6 36. h5 Bh7 37. Kh2 Nb8 38. Kg3 Nd7 39. Kf2 Nf6 40. Ke3 Kh6 41.
Kd3+ Kg7 42. Be3 Kf7 43. Bg5 Kg7 44. Be3 Kf7 45. c5 bxc5 46. bxc5 Ke7 47. Bg5
Kf7 48. cxd6 cxd6 49. Ke3 Ne8 50. Bh4 Nf6 51. Be1 Ke8 52. Bh4 Kf7 1/2-1/2

[Event "88th Hastings Masters"]
[Site "Hastings ENG"]
[Date "2013.01.01"]
[Round "5.1"]
[White "Alsina Leal, Daniel"]
[Black "Sulskis, Sarunas"]
[Result "1/2-1/2"]
[WhiteTitle "GM"]
[BlackTitle "GM"]
[WhiteElo "2511"]
[BlackElo "2550"]
[WhiteFideId "2252627"]
[BlackFideId "12800112"]
[EventDate "2012.12.28"]

1. e4 e5 2. Nf3 Nc6 3. Bc4 Bc5 4. c3 Nf6 5. d4 exd4 6. e5 d5 7. Bb5 Ne4 8. cxd4
Bb4+ 9. Bd2 Nxd2 10. Nbxd2 Bd7 11. O-O O-O 12. a3 Bxd2 13. Bxc6 Bxc6 14. Qxd2 a5
15. Rac1 Bd7 16. Qc3 c6 17. h3 Re8 18. Nd2 h5 19. Kh2 a4 20. f4 Bf5 21. Rf2 Ra5
22. Nf1 h4 23. Qd2 Rb5 24. Rc3 Be4 25. g3 hxg3+ 26. Nxg3 f5 27. exf6 Qxf6 28. f5
Rb3 29. Rxb3 axb3 30. Re2 Rf8 31. Qb4 Bc2 32. Qxb7 Qxd4 33. Qxc6 Bd1 34. Qe6+
Kh8 35. Qe5 Qxe5 36. Rxe5 Rd8 37. Kg1 Kg8 38. Kf2 Kf7 39. Ke3 d4+ 40. Kd2 Bc2
41. h4 Bb1 42. Ne4 Bc2 43. Re6 Rd5 44. Ng5+ Kf8 45. f6 gxf6 46. Rxf6+ Ke7 47.
Rf4 Kd6 48. Nf3 Kc5 49. Rg4 Rd6 50. h5 Bh7 51. Rg5+ Kb6 52. Ne5 Ka6 53. Nd3 Kb6
54. a4 Rf6 55. a5+ Kc6 56. Nb4+ Kd6 57. Rd5+ Kc7 58. Rxd4 Rf2+ 59. Kc3 Rf3+ 60.
Kc4 Bg8+ 61. Kb5 Rf5+ 62. Ka4 Rxh5 63. Nd3 Rh2 64. Kb4 Rd2 65. Rg4 Bd5 66. Rg3
Kc6 67. Rg6+ Kc7 68. Kc3 Rc2+ 69. Kd4 Bg2 70. Rb6 Bf1 71. Rxb3 Rd2 72. Ke3 Re2+
73. Kf3 Rd2 74. Nf4 Ba6 75. Ne6+ Kc8 76. Nc5 Bf1 77. Ke3 Rc2 78. Ne4 Bg2 79.
Rc3+ Rxc3+ 80. Nxc3 Kb7 81. Kd4 Kc6 82. Kc4 Bf1+ 83. Kb4 Bd3 84. Na4 Bb5 85. Nb6
Be2 86. Nc4 Bf1 87. b3 Be2 88. Nd2 Kd5 89. Nb1 Kc6 90. Na3 Ba6 91. Nc4 Kd5 92.
Ne3+ Kc6 93. Nf5 Bd3 94. Nd4+ Kd5 95. Kc3 Bf1 96. b4 Bc4 97. b5 Kc5 98. a6 Bd5
99. Kb2 Kb6 100. Ka3 Bc4 1/2-1/2

[Event "88th Hastings Masters"]
[Site "Hastings ENG"]
[Date "2013.01.01"]
[Round "5.2"]
[White "Duff, Rufus"]
[Black "Vocaturo, Daniele"]
[Result "0-1"]
[BlackTitle "GM"]
[WhiteElo "2114"]
[BlackElo "2521"]
[WhiteFideId "403032"]
[BlackFideId "813192"]
[EventDate "2012.12.28"]

1. e4 e5 2. Nf3 Nc6 3. Bb5 a6 4. Ba4 Nf6 5. O-O Be7 6. Re1 b5 7. Bb3 d6 8. c3
O-O 9. h3 h6 10. d4 Re8 11. Nbd2 Bf8 12. Nf1 Bd7 13. Ng3 Na5 14. Bc2 Nc4 15. a4
c5 16. b3 Na5 17. axb5 axb5 18. d5 g6 19. Be3 Qc7 20. Nd2 h5 21. Nf3 Rec8 22.
Qd2 c4 23. b4 Nb3 24. Bxb3 Rxa1 25. Rxa1 cxb3 26. Qb2 Qxc3 27. Qxc3 Rxc3 28. Nd2
b2 29. Rf1 Kh7 30. Ne2 Rc2 31. f3 Bh6 32. Kf2 Rxd2 33. Bxd2 Bxd2 34. Rb1 Bxb4
35. Rxb2 Ba3 0-1

[Event "88th Hastings Masters"]
[Site "Hastings ENG"]
[Date "2013.01.01"]
[Round "5.4"]
[White "Williams, Simon K"]
[Black "Sumets, Andrey"]
[Result "0-1"]
[WhiteTitle "GM"]
[BlackTitle "GM"]
[WhiteElo "2515"]
[BlackElo "2638"]
[WhiteFideId "404454"]
[BlackFideId "14105500"]
[EventDate "2012.12.28"]

1. d4 d5 2. c4 c6 3. Nc3 Nf6 4. Nf3 dxc4 5. e4 b5 6. Qc2 h6 7. a4 b4 8. Nd1 b3
9. Qb1 Bg4 10. Bxc4 Bxf3 11. gxf3 Qxd4 12. Ne3 e6 13. Bd2 Nbd7 14. Bc3 Qb6 15.
O-O Bb4 16. a5 Qb8 17. Bxb4 Qxb4 18. f4 O-O 19. Kh1 Nc5 20. Rg1 Ncxe4 21. Qf1
Rfd8 22. Qg2 Qf8 23. f5 e5 24. Raf1 Rd4 25. Qh3 Ng5 26. Qg2 e4 27. Be2 Rad8 28.
Rc1 c5 29. Rc3 Rb4 30. Qg3 Rd2 31. Bc4 Nf3 32. Rb1 Qb8 33. Kg2 Qxg3+ 34. hxg3
Nd4 35. Nf1 Rc2 36. Ne3 Nd7 37. Nxc2 bxc2 38. Rc1 Rxb2 39. Bd5 Nf6 40. Rxc5 Nxd5
41. Rxd5 Nb3 42. Rb5 Nxc1 0-1

[Event "88th Hastings Masters"]
[Site "Hastings ENG"]
[Date "2013.01.01"]
[Round "5.9"]
[White "Sihite, Chelsie Monica"]
[Black "Flear, Glenn C"]
[Result "1-0"]
[WhiteTitle "WIM"]
[BlackTitle "GM"]
[WhiteElo "2277"]
[BlackElo "2481"]
[WhiteFideId "7101198"]
[BlackFideId "400165"]
[EventDate "2012.12.28"]

1. e4 e5 2. Nf3 Nc6 3. Bc4 Bc5 4. O-O d6 5. c3 Qf6 6. b4 Bb6 7. a4 a5 8. b5 Nd8
9. d4 Bg4 10. dxe5 dxe5 11. Be3 Ne6 12. Bxb6 cxb6 13. Bxe6 Qxe6 14. Qd5 Bxf3 15.
Qxe6+ fxe6 16. gxf3 Rc8 17. Nd2 Nf6 18. Rfc1 Ke7 19. c4 Rhd8 20. Rc2 Nh5 21. c5
Nf4 22. Nb3 Nd3 23. Kf1 Nxc5 24. Rac1 Nxb3 25. Rxc8 Nxc1 26. Rxc1 Kd7 27. Ke2
Rc8 28. Rxc8 Kxc8 29. f4 exf4 30. e5 g5 31. Kf3 h5 32. h4 gxh4 33. Kg2 Kd7 34.
Kh3 Ke7 35. Kxh4 Kf7 36. Kxh5 f3 37. Kh6 1-0

[Event "88th Hastings Masters"]
[Site "Hastings ENG"]
[Date "2013.01.01"]
[Round "5.10"]
[White "Hawkins, Jonathan"]
[Black "Furman, Boris"]
[Result "1-0"]
[WhiteTitle "IM"]
[BlackTitle "FM"]
[WhiteElo "2507"]
[BlackElo "2237"]
[WhiteFideId "412686"]
[BlackFideId "4107187"]
[EventDate "2012.12.28"]

1. d4 Nf6 2. c4 e6 3. Nf3 d5 4. Nc3 Bb4 5. cxd5 exd5 6. Bg5 h6 7. Bh4 g5 8. Bg3
Ne4 9. Nd2 Nxg3 10. hxg3 c6 11. a3 Be7 12. Qc2 Be6 13. e4 Nd7 14. O-O-O Nb6 15.
e5 Qd7 16. Bd3 O-O-O 17. f4 gxf4 18. gxf4 Bg4 19. Rde1 Kb8 20. Kb1 h5 21. Nd1
Bxd1 22. Qxd1 Rdg8 23. Rxh5 Rxh5 24. Qxh5 Rxg2 25. Re2 Qg4 26. Qh8+ Kc7 27. Rxg2
Qxg2 28. Qe8 Bxa3 29. Qxf7+ Kb8 30. Qe8+ Kc7 31. bxa3 Qxd2 32. Qe7+ Nd7 33. Bc2
Qxf4 34. e6 Qf1+ 35. Kb2 Qb5+ 36. Kc1 Qf1+ 37. Kd2 Qf2+ 38. Kc3 Qe3+ 39. Bd3
Qc1+ 40. Kb3 Qd1+ 41. Bc2 Qxd4 42. exd7 Qc4+ 43. Kb2 Qd4+ 44. Kb1 1-0

[Event "88th Hastings Masters"]
[Site "Hastings ENG"]
[Date "2013.01.01"]
[Round "5.11"]
[White "Hamitevici, Vladimir"]
[Black "Talsma, Paul"]
[Result "1-0"]
[WhiteTitle "IM"]
[WhiteElo "2440"]
[BlackElo "2229"]
[WhiteFideId "13902393"]
[BlackFideId "1018779"]
[EventDate "2012.12.28"]

1. d4 f5 2. Bg5 h6 3. Bh4 c5 4. e3 Qb6 5. Nd2 cxd4 6. Nc4 Qb4+ 7. c3 dxc3 8. a3
c2+ 9. axb4 cxd1=Q+ 10. Kxd1 Na6 11. b5 Nc7 12. Ne5 g5 13. Bg3 d6 14. b6 Bg7 15.
Ng6 axb6 16. Rxa8 Nxa8 17. Bb5+ Bd7 18. Bxd7+ Kxd7 19. Nxh8 Bxh8 20. Kc2 Nf6 21.
h4 g4 22. Ne2 Nc7 23. Rd1 Nfd5 24. Nf4 Kc6 25. Kb3 e5 26. Nxd5 Nxd5 27. Rc1+ Kd7
28. Kc4 Nc7 29. f3 d5+ 30. Kb4 Bf6 31. h5 Be7+ 32. Ka4 Bf6 33. Rc2 Kd6 34. Be1
Kd7 35. Bc3 d4 36. exd4 exd4 37. Bd2 Bg7 38. fxg4 fxg4 39. b4 Bf8 40. Rc1 Nd5
41. Kb5 Bg7 42. Re1 Nf6 43. Kxb6 Nxh5 44. Re4 Nf6 45. Rxd4+ Ke6 46. Kxb7 h5 47.
Kc6 1-0

[Event "88th Hastings Masters"]
[Site "Hastings ENG"]
[Date "2013.01.01"]
[Round "5.13"]
[White "Rayner, Francis"]
[Black "Ashton, Adam G"]
[Result "1/2-1/2"]
[BlackTitle "FM"]
[WhiteElo "2166"]
[BlackElo "2366"]
[WhiteFideId "1800132"]
[BlackFideId "410110"]
[EventDate "2012.12.28"]

1. e4 e5 2. Nf3 Nc6 3. Bb5 a6 4. Bxc6 dxc6 5. O-O Ne7 6. Nxe5 Qd4 7. Qh5 g6 8.
Qg5 Bg7 9. Nd3 f5 10. e5 c5 11. b3 b6 12. Bb2 Qg4 13. Qe3 Nd5 14. Qg3 f4 15.
Qxg4 Bxg4 16. Nc3 Nxc3 17. dxc3 g5 18. f3 Bf5 19. c4 Ke7 20. Rad1 a5 21. a4 Rad8
22. Rd2 Rd7 23. Rfd1 Rhd8 24. Kf2 Ke6 25. g3 fxg3+ 26. hxg3 h5 27. f4 Bh6 28.
Ke3 gxf4+ 29. gxf4 h4 30. Kf3 h3 31. Bc3 Bf8 32. Kg3 Rg7+ 33. Kh2 Rdd7 34. Ne1
Rxd2+ 35. Rxd2 Be7 36. Nf3 Rg8 37. Rf2 Rg7 38. Be1 Rg8 39. Rd2 Be4 40. Ng5+ Bxg5
41. fxg5 Rxg5 42. Kxh3 Rg1 43. Bh4 Bf5+ 44. Kh2 Rc1 45. Bd8 Rxc2 46. Rxc2 Bxc2
47. Bxc7 Bxb3 1/2-1/2

[Event "88th Hastings Masters"]
[Site "Hastings ENG"]
[Date "2013.01.01"]
[Round "5.14"]
[White "Byron, Alan M"]
[Black "Knott, Simon J B"]
[Result "0-1"]
[BlackTitle "IM"]
[WhiteElo "2167"]
[BlackElo "2325"]
[WhiteFideId "401773"]
[BlackFideId "400645"]
[EventDate "2012.12.28"]

1. e4 e6 2. d4 d5 3. Nc3 Bb4 4. e5 c5 5. a3 Bxc3+ 6. bxc3 Ne7 7. Qg4 O-O 8. Bd3
Nbc6 9. Qh5 Ng6 10. Nf3 Qc7 11. Be3 c4 12. Bxg6 fxg6 13. Qg4 Bd7 14. h4 Rf5 15.
h5 gxh5 16. Rxh5 Rxh5 17. Qxh5 Be8 18. Qh3 Nd8 19. Kd2 Bg6 20. Nh4 Qf7 21. g4
Nc6 22. Rf1 Rf8 23. f4 Ne7 24. Rf2 Be4 25. Rh2 h6 26. Rf2 Ng6 27. Ng2 Qd7 28.
Ne1 Qf7 29. Qg3 Ne7 30. Rh2 Qg6 31. Qh3 Kf7 32. Qh5 Qxh5 33. Rxh5 Rh8 34. Rh2 h5
35. Rxh5 Rxh5 36. gxh5 Nf5 37. Bf2 g6 38. hxg6+ Kxg6 39. Ke2 Ne7 40. Nf3 Bxf3+
41. Kxf3 Kf5 42. Bh4 Nc6 43. Bf6 a6 44. Ke3 Kg4 45. Bg5 Na7 46. Kd2 Nb5 47. Be7
Kxf4 48. Bc5 b6 49. Bxb6 Nxa3 50. Ba5 Nb5 51. Bb6 Kf3 52. Ba5 Na7 53. Bb4 Nc6
54. Bc5 Nd8 55. Bb6 Nc6 56. Bc5 a5 57. Bb6 a4 58. Bc5 Kf2 59. Kd1 Ke3 60. Kc1
Ke2 61. Bb6 a3 62. Bc5 a2 63. Kb2 Kd2 64. Bb4 a1=B+ 65. Kxa1 Kxc2 66. Ka2 Na7 0-1

[Event "88th Hastings Masters"]
[Site "Hastings ENG"]
[Date "2013.01.01"]
[Round "5.15"]
[White "McKenna, Jason P"]
[Black "Haydon, David L"]
[Result "1-0"]
[BlackTitle "FM"]
[WhiteElo "2102"]
[BlackElo "2315"]
[WhiteFideId "403857"]
[BlackFideId "415405"]
[EventDate "2012.12.28"]

1. e4 c6 2. d4 d5 3. Nc3 dxe4 4. Nxe4 Bf5 5. Ng3 Bg6 6. h4 h6 7. Nf3 Nd7 8. h5
Bh7 9. Bd3 Bxd3 10. Qxd3 e6 11. Bd2 Ngf6 12. O-O-O Be7 13. Ne4 Nxe4 14. Qxe4 Nf6
15. Qe2 Qd5 16. c4 Qf5 17. Ne5 Rd8 18. g4 Qh7 19. Ba5 b6 20. Rhe1 bxa5 21. Nxf7
O-O 22. Nxd8 Bxd8 23. Qxe6+ Kh8 24. b3 a4 25. Qxc6 axb3 26. axb3 Qg8 27. f3 Rf7
28. Re5 Qf8 29. Kb2 Bc7 30. Re6 Kh7 31. d5 Qb4 32. d6 Ba5 33. Rd3 Qb8 34. Rde3
Qb4 35. Rd3 Qb8 36. c5 Bd8 37. Qa4 Qc8 38. Re5 Qb7 39. c6 Qb6 40. Qc4 Qf2+ 41.
Ka3 Qf1 42. Ka2 Qg2+ 43. Kb1 Qg1+ 44. Qc1 Qb6 45. Qc2 Kg8 46. Qc5 Qa6 47. Qc3
Qb6 48. Rb5 Qg1+ 49. Kc2 Bb6 50. Rxb6 Qf2+ 51. Rd2 1-0

[Event "88th Hastings Masters"]
[Site "Hastings ENG"]
[Date "2013.01.01"]
[Round "5.16"]
[White "Prosviriakov, Vladimir"]
[Black "Jaunooby, Ali R"]
[Result "1/2-1/2"]
[WhiteTitle "IM"]
[WhiteElo "2293"]
[BlackElo "2178"]
[WhiteFideId "2004860"]
[BlackFideId "413291"]
[EventDate "2012.12.28"]

1. e4 g6 2. d4 Bg7 3. Nf3 d6 4. Nc3 Bg4 5. Be3 Nc6 6. d5 Ne5 7. Be2 Nxf3+ 8.
gxf3 Bh3 9. Qd2 c5 10. Rg1 a6 11. f4 Bd7 12. f5 Qa5 13. Nd1 Qxd2+ 14. Kxd2 Kf8 1/2-1/2

[Event "88th Hastings Masters"]
[Site "Hastings ENG"]
[Date "2013.01.01"]
[Round "5.17"]
[White "Burnett, Jim"]
[Black "Kirk, Ezra"]
[Result "0-1"]
[WhiteElo "2172"]
[BlackElo "2254"]
[WhiteFideId "402273"]
[BlackFideId "600067"]
[EventDate "2012.12.28"]

1. d4 Nf6 2. c4 g6 3. g3 Bg7 4. Bg2 O-O 5. Nc3 d6 6. Nf3 Nc6 7. O-O a6 8. d5 Na5
9. Nd2 c5 10. Qc2 Rb8 11. b3 b5 12. Bb2 bxc4 13. bxc4 Bh6 14. Ncb1 Bd7 15. Bc3
Qc7 16. Na3 Rb4 17. Bxb4 cxb4 18. Nab1 Ng4 19. a4 Qb6 20. Nb3 Nxb3 21. Qxb3 Nxf2
22. h3 Nxh3+ 23. Kh2 Nf2 24. Ra2 Ng4+ 25. Kh1 Ne3 26. Re1 Qd4 27. Bf3 Nf5 28. e3
Qe5 29. Rg2 Nxg3+ 30. Kg1 Nf5 0-1

[Event "88th Hastings Masters"]
[Site "Hastings ENG"]
[Date "2013.01.01"]
[Round "5.18"]
[White "Hebden, Mark L"]
[Black "Kvisla, Johannes Luangtep"]
[Result "0-1"]
[WhiteTitle "GM"]
[WhiteElo "2547"]
[BlackElo "2148"]
[WhiteFideId "400084"]
[BlackFideId "1504533"]
[EventDate "2012.12.28"]

1. d4 d5 2. Nf3 Nf6 3. c4 e6 4. Bg5 Be7 5. Nc3 h6 6. Bh4 O-O 7. e3 b6 8. Bd3 Bb7
9. O-O Nbd7 10. Bg3 c5 11. Qe2 Ne4 12. cxd5 exd5 13. Rad1 Qc8 14. Rc1 Ndf6 15.
dxc5 bxc5 16. Nd2 Nxg3 17. hxg3 Qe6 18. e4 c4 19. Bb1 d4 20. Nb5 d3 21. Qf3 Nxe4
22. Nxc4 d2 23. Nxd2 Nxd2 24. Qxb7 Rab8 25. Qxa7 Nxf1 26. Nd4 Qb6 27. Qxe7 Qxd4
28. Rxf1 Rfe8 29. Qa3 Rxb2 30. Qf3 Reb8 31. Be4 Rd2 32. a4 Rd8 33. Qf4 Ra2 34.
Bc6 Qxf4 35. gxf4 Rdd2 36. f5 Rac2 37. Bb7 Rb2 38. Bc6 Rd6 39. Bb5 Rdd2 40. Bc6
h5 41. a5 Ra2 42. Rb1 Rxa5 43. Rb8+ Kh7 44. Rb7 f6 45. f4 h4 46. Rb4 h3 47. Rb3
hxg2 48. Bxg2 Ra1+ 49. Kh2 Raa2 50. Rg3 Kg8 51. Kh3 Kf8 52. Bc6 Rd6 53. Rc3 Rad2
54. Kg4 R6d3 55. Rc5 Re3 56. Bb5 Rg2+ 57. Kh4 Rh2+ 58. Kg4 Rhh3 59. Rc8+ Ke7 60.
Re8+ Kf7 61. Rxe3 Rxe3 62. Bc6 Ke7 63. Bf3 Kd6 64. Kg3 Kc5 65. Kf2 Kd4 66. Bb7
Rb3 67. Ba8 Rb5 0-1

[Event "88th Hastings Masters"]
[Site "Hastings ENG"]
[Date "2013.01.01"]
[Round "5.19"]
[White "Rendle, Thomas E"]
[Black "Steil-Antoni, Fiona"]
[Result "1-0"]
[WhiteTitle "IM"]
[BlackTitle "WIM"]
[WhiteElo "2381"]
[BlackElo "2169"]
[WhiteFideId "408760"]
[BlackFideId "4001249"]
[EventDate "2012.12.28"]

1. e4 c6 2. Nf3 d5 3. Nc3 a6 4. d4 Bg4 5. h3 Bh5 6. g4 Bg6 7. Qe2 e6 8. Bg5 Qa5
9. Bd2 Bb4 10. Ne5 Bxe4 11. Nxe4 dxe4 12. c3 Be7 13. g5 Nd7 14. Qxe4 Nxe5 15.
dxe5 Qd5 16. Qxd5 exd5 17. O-O-O Bc5 18. f4 Ne7 19. h4 Nf5 20. Bd3 g6 21. h5 Ke7
22. Rh3 Ke6 23. Rdh1 Rhf8 24. Kd1 a5 25. Ke2 b5 26. Kf3 b4 27. Rc1 Rfc8 28. c4
Bd4 29. b3 Bc5 30. Kg4 a4 31. hxg6 hxg6 32. cxd5+ cxd5 33. Bxf5+ gxf5+ 34. Kf3
d4 35. Rh6+ Kd5 36. Rf6 axb3 37. axb3 Ra2 38. Bxb4 Bxb4 39. Rxc8 Rb2 40. Rd8+
Kc5 41. Rxf5 Rxb3+ 42. Kg4 1-0

[Event "88th Hastings Masters"]
[Site "Hastings ENG"]
[Date "2013.01.01"]
[Round "5.20"]
[White "Ternault, Mathieu"]
[Black "Burns-Mannion, Stephen R"]
[Result "0-1"]
[BlackTitle "IM"]
[WhiteElo "2159"]
[BlackElo "2351"]
[WhiteFideId "20641532"]
[BlackFideId "2400111"]
[EventDate "2012.12.28"]

1. d4 d5 2. c4 dxc4 3. Nf3 Nf6 4. e3 e6 5. Bxc4 c5 6. O-O a6 7. Bb3 b5 8. a4 b4
9. Nbd2 Bb7 10. e4 Be7 11. e5 Nfd7 12. Nc4 O-O 13. Bc2 cxd4 14. Qd3 g6 15. Qxd4
Nc6 16. Qf4 Qc7 17. b3 Rad8 18. Be3 Na5 19. Nxa5 Qxa5 20. Rfd1 Bxf3 21. Qxf3
Nxe5 22. Qb7 Bc5 23. Bf4 Ng4 24. Bg3 Nxf2 25. Rxd8 Ne4+ 0-1

[Event "88th Hastings Masters"]
[Site "Hastings ENG"]
[Date "2013.01.01"]
[Round "5.21"]
[White "Ledger, Dave J"]
[Black "Barton, R Alan"]
[Result "1-0"]
[WhiteTitle "FM"]
[WhiteElo "2266"]
[BlackElo "2080"]
[WhiteFideId "401986"]
[BlackFideId "404233"]
[EventDate "2012.12.28"]

1. e4 b6 2. d4 Bb7 3. Bd3 e6 4. Nf3 c5 5. c3 cxd4 6. cxd4 Nc6 7. Nc3 Qb8 8. O-O
Nf6 9. a3 a6 10. e5 Ng4 11. h3 h5 12. hxg4 hxg4 13. Nh2 f5 14. Be3 Qd8 15. g3
Qe7 16. f3 Rxh2 17. Kxh2 g5 18. Qe2 gxf3 19. Rxf3 g4 20. Rff1 Bg7 21. Kg1 Bxe5
22. dxe5 Nxe5 23. Bd4 Nf3+ 24. Rxf3 gxf3 25. Qe5 d6 26. Qe3 O-O-O 27. Bxf5 Kb8
28. Be4 Rg8 29. Kf2 Bxe4 30. Nxe4 Qh7 31. Qxf3 d5 32. Nf6 Qc2+ 33. Qe2 Qf5+ 34.
Kg2 Rc8 35. Qxa6 Rc2+ 36. Kg1 Qh3 37. Be5+ 1-0

[Event "88th Hastings Masters"]
[Site "Hastings ENG"]
[Date "2013.01.01"]
[Round "5.22"]
[White "Ramstad, Havard"]
[Black "Stewart, Neil"]
[Result "0-1"]
[BlackTitle "FM"]
[WhiteElo "2071"]
[BlackElo "2264"]
[WhiteFideId "1511980"]
[BlackFideId "4636988"]
[EventDate "2012.12.28"]

1. d4 d5 2. Nf3 Nf6 3. Bf4 c5 4. e3 cxd4 5. exd4 Nc6 6. c3 a6 7. Bd3 Bg4 8. Nbd2
e6 9. O-O Be7 10. h3 Bh5 11. Qb3 Na5 12. Qc2 Bg6 13. Ne5 Bxd3 14. Qxd3 Nc6 15.
Nxc6 bxc6 16. b4 O-O 17. Nb3 Ra7 18. Rab1 Nd7 19. Na5 Qb6 20. a3 Rc8 21. Rfc1
Bf6 22. Nb3 Qd8 23. Rc2 Raa8 24. Nc5 Nb6 25. Nb7 Qd7 26. Na5 Re8 27. Rd1 Rec8
28. c4 dxc4 29. Nxc4 Nxc4 30. Rxc4 a5 31. Qc2 axb4 32. axb4 Qb7 33. Rc1 Ra6 34.
Bd6 h6 35. Qe4 Qb5 36. Be5 Be7 37. Kh2 Bf8 38. Qc2 Rca8 39. Qe4 Rc8 40. Qc2 Qd5
41. Rb1 Rca8 42. Kg1 Ra2 43. Qc1 R8a6 44. Bf4 Qe4 45. Be3 f5 46. d5 Qxd5 47. Rd4
Qe5 48. Rd8 Ra1 49. Bd4 Rxb1 50. Qxb1 Qc7 51. Re8 Qd7 52. Qd3 Qxe8 53. Qxa6 Bxb4
54. Qb7 Bf8 55. Be5 c5 56. Qc7 Qf7 57. Qc8 Qe7 58. f4 Kf7 59. Kh2 Qa7 60. Qc6
Be7 61. Qc8 Bf6 62. Bd6 Be7 63. Be5 Qa2 64. Qd7 Qd5 65. Qc7 Qd8 66. Qc6 h5 67.
Qf3 h4 68. Qh5+ Kg8 69. Qe2 Bf6 70. Qa6 Kf7 71. Qb7+ Qe7 72. Bc7 Qd7 73. Qb6 c4
74. Qc5 c3 75. Ba5 Bd4 76. Qc4 Bf2 77. Bxc3 Bg3+ 78. Kg1 Qd1+ 79. Qf1 Bh2+ 80.
Kf2 Qc2+ 81. Qe2 Bg3+ 0-1

[Event "88th Hastings Masters"]
[Site "Hastings ENG"]
[Date "2013.01.01"]
[Round "5.23"]
[White "Snape, Ian L"]
[Black "Jones, William E G"]
[Result "0-1"]
[WhiteElo "2245"]
[BlackElo "2094"]
[WhiteFideId "404489"]
[BlackFideId "470554"]
[EventDate "2012.12.28"]

1. e4 c5 2. Nf3 d6 3. d4 cxd4 4. Nxd4 Nf6 5. Nc3 a6 6. h3 e6 7. g4 Be7 8. Bg2
Nfd7 9. O-O Nc6 10. Be3 O-O 11. Qe2 Nde5 12. f4 Ng6 13. Rad1 Bd7 14. e5 Nxd4 15.
Bxd4 dxe5 16. fxe5 Qc7 17. Qe3 Bc6 18. Ne4 Rac8 19. Nd6 Bxg2 20. Nxc8 Bxf1 21.
Nxe7+ Nxe7 22. Rxf1 Qxc2 23. Rf2 Qc7 24. Bc5 Nd5 25. Qd4 Rc8 26. Bd6 Qc1+ 27.
Rf1 Qe3+ 28. Qxe3 Nxe3 29. Rf3 Nd5 30. Rb3 b6 31. Kf2 Rc2+ 32. Kg3 g5 33. h4
gxh4+ 34. Kxh4 Kg7 35. Bb8 Kg6 36. Ba7 b5 37. Bb8 b4 38. a3 a5 39. axb4 axb4 40.
Bd6 Rc4 41. Kh3 Kg5 42. Rf3 Rxg4 43. Rxf7 Nf4+ 44. Kh2 Rg2+ 45. Kh1 Rxb2 46.
Rxh7 Kf5 47. Rb7 b3 48. Kg1 Ke4 49. Kh1 Nd3 50. Rb5 Rb1+ 51. Kh2 b2 52. Ba3 Ra1
53. Bxb2 Ra2 54. Kg1 Rxb2 55. Ra5 Nxe5 56. Ra4+ Kf5 57. Kf1 Ng6 58. Ra7 Nf4 59.
Ke1 e5 60. Kf1 e4 61. Re7 Nd5 62. Rf7+ Ke5 63. Rf8 Nf4 64. Rf7 e3 65. Re7+ Kd4 0-1

[Event "88th Hastings Masters"]
[Site "Hastings ENG"]
[Date "2013.01.01"]
[Round "5.24"]
[White "Sreeves, Clement"]
[Black "Pickersgill, Adrian O"]
[Result "1-0"]
[WhiteElo "2223"]
[BlackElo "2029"]
[WhiteFideId "2402564"]
[BlackFideId "404519"]
[EventDate "2012.12.28"]

1. f4 d5 2. Nf3 Bg4 3. e3 Nf6 4. b3 Nbd7 5. Bb2 e6 6. Be2 Bd6 7. Ne5 Bxe2 8.
Qxe2 Qe7 9. c4 c6 10. Nxd7 Kxd7 11. O-O h5 12. d3 Rh6 13. Nd2 Rah8 14. e4 Bc7
15. Rae1 Bb6+ 16. Kh1 Ng4 17. Nf3 Rg6 18. f5 exf5 19. exf5 Qxe2 20. Rxe2 Rd6 21.
Ne5+ Nxe5 22. Bxe5 Re8 23. c5 Bxc5 24. Bxd6 Bxd6 25. Rxe8 Kxe8 26. g3 Be7 27.
Kg2 Kd7 28. Kf3 Bf6 29. Re1 a5 30. Re2 c5 31. h3 b5 32. g4 hxg4+ 33. hxg4 g5 34.
fxg6 fxg6 35. Kf4 g5+ 36. Kf5 Be7 37. Re5 d4 38. Re6 b4 39. Ra6 Bd8 40. Ke4 Kc8
41. Kd5 Kb7 42. Rg6 1-0

[Event "88th Hastings Masters"]
[Site "Hastings ENG"]
[Date "2013.01.01"]
[Round "5.26"]
[White "Murphy, Conor E"]
[Black "Gu, Xiaobing"]
[Result "0-1"]
[BlackTitle "WGM"]
[WhiteElo "1956"]
[BlackElo "2209"]
[WhiteFideId "421669"]
[BlackFideId "8602611"]
[EventDate "2012.12.28"]

1. Nf3 Nf6 2. g3 g6 3. b4 Bg7 4. Bb2 a5 5. b5 d6 6. Bg2 O-O 7. O-O e5 8. c4 e4
9. Nd4 Nbd7 10. Na3 Re8 11. Nac2 Ng4 12. d3 exd3 13. exd3 Nc5 14. Qd2 Ne5 15.
Bc3 Nexd3 16. Bxa5 Ne5 17. Ne3 Ra7 18. Bc3 Ra3 19. f4 Na4 20. fxe5 Rxc3 21. Nd1
Ra3 22. Bd5 Rxe5 23. Bxf7+ Kh8 24. Nc2 Rf5 25. Nde3 Rxf1+ 26. Nxf1 Rf3 27. Bd5
Rf8 28. Nd4 Qf6 29. Nb3 Bh3 30. Bg2 Nc5 31. Rd1 Ne4 32. Qd4 Qxd4+ 33. Nxd4 Nc3
34. Bxh3 Bxd4+ 35. Rxd4 Ne2+ 36. Kg2 Nxd4 37. Ne3 Ra8 0-1

[Event "88th Hastings Masters"]
[Site "Hastings ENG"]
[Date "2013.01.01"]
[Round "5.27"]
[White "Grant, Alan G"]
[Black "Waddington, Mike P"]
[Result "1-0"]
[BlackTitle "FM"]
[WhiteElo "2165"]
[BlackElo "2117"]
[WhiteFideId "2400723"]
[BlackFideId "410497"]
[EventDate "2012.12.28"]

1. c4 c5 2. g3 Nf6 3. Bg2 d5 4. cxd5 Nxd5 5. Nc3 Nc7 6. Nf3 Nc6 7. O-O e5 8. b3
Be7 9. Bb2 O-O 10. Rc1 f6 11. Ne1 Bd7 12. Nd3 Ne6 13. f4 exf4 14. gxf4 Ned4 15.
e3 Bf5 16. Ne1 Nb4 17. exd4 cxd4 18. Ne2 Nxa2 19. Ra1 Bc5 20. Ng3 Nc3 21. Qc1
Rc8 22. Kh1 Be6 23. dxc3 Bxb3 24. c4 b5 25. Bd5+ Kh8 26. Rf3 bxc4 27. Bxc4 Bxc4
28. Qxc4 Bb6 29. Qf1 Re8 30. Qg2 Qd5 31. Rd3 Qb5 32. Qd2 Rc4 33. Ng2 Rec8 34.
Rc1 Rxc1+ 35. Bxc1 Qb1 36. Ne2 Rc2 37. Qd1 g6 38. Rd2 Rc4 39. Ba3 Qe4 40. Qb3
Qc6 41. Bb2 Kg7 42. h3 a5 43. Bxd4 Rb4 44. Qe3 Qc7 45. Bxb6 Rxb6 46. Qe8 Rd6 47.
Rxd6 Qxd6 48. Qa4 Qd3 49. Ng1 Qd5 50. Kh2 Qd2 51. Nf3 Qd5 52. Kg3 h5 53. Ne3 Qd3
54. Qd4 Qa3 55. h4 a4 56. Qd7+ Kg8 57. Nd5 Qa1 58. Qe8+ Kg7 59. Qe7+ 1-0